书目信息 |
| 题名: |
歌剧《鲁斯兰与柳德米拉》序曲
|
|
| 作者: | 格林卡 作曲 | |
| 分册: | ||
| 出版信息: | 北京 人民音乐出版社 1980 |
|
| 页数: | 56页 | |
| 开本: | 20cm | |
| 丛书名: | ||
| 单 册: | ||
| 中图分类: | J653.2(512) , J653.2 | |
| 科图分类: | ||
| 主题词: | 歌剧--序曲--俄罗斯 , 歌剧 , 序曲 | |
| 电子资源: | ||
| ISBN: | 7-103-02257-7 | |
| 000 | 00700nam0 2200241 45 | |
| 001 | 010020007894 | |
| 005 | 20070806180831.95 | |
| 010 | @a7-103-02257-7@dCNY5.50 | |
| 100 | @a20020112e20001980em y0chiy0120 ea | |
| 101 | 0 | @arus@gchi |
| 102 | @aCN@b110000 | |
| 105 | @ag z 000yy | |
| 200 | 1 | @a歌剧《鲁斯兰与柳德米拉》序曲@9ge ju《 lu si lan yu liu de mi la》 xu qu@e管弦乐总谱@f(俄)格林卡作曲 |
| 210 | @a北京@c人民音乐出版社@d1980@h2000 | |
| 215 | @a56页@c乐谱@d20cm | |
| 606 | 0 | @a歌剧@x序曲@y俄罗斯 |
| 606 | 0 | @a歌剧 |
| 606 | 0 | @a序曲 |
| 690 | @aJ653.2(512)@v4 | |
| 690 | @aJ653.2@v3 | |
| 701 | 0 | @a格林卡@9ge lin ka@4作曲 |
| 801 | 0 | @aCN@bRENTIAN@c20070806 |
| 905 | @a10447@dJ653.2@e443 | |
| 歌剧《鲁斯兰与柳德米拉》序曲:管弦乐总谱/(俄)格林卡作曲.-北京:人民音乐出版社,1980(2000) |
| 56页:乐谱;20cm |
| ISBN 7-103-02257-7:CNY5.50 |
| ● |
| 相关链接 |
|
|
|
|
正题名:歌剧《鲁斯兰与柳德米拉》序曲
索取号:J653.2/443
 
预约/预借
| 序号 | 登录号 | 条形码 | 馆藏地/架位号 | 状态 | 备注 |
| 1 | 0805007 | 208050071 | 第一样本阅览室/ [索取号:J653.2/443] | 在馆 | |
| 2 | 0805008 | 208050080 | 第一借阅区/ [索取号:J653.2/443] | 在馆 | |
| 3 | 0805009 | 208050099 | 第一借阅区/ [索取号:J653.2/443] | 在馆 | |
| 4 | 0805010 | 208050106 | 第一借阅区/ [索取号:J653.2/443] | 在馆 | |
| 5 | 0805011 | 208050115 | 第一借阅区/ [索取号:J653.2/443] | 在馆 | |
| 6 | 0805012 | 208050124 | 第一借阅区/ [索取号:J653.2/443] | 在馆 | |
| 7 | 0805013 | 208050133 | 第一借阅区/ [索取号:J653.2/443] | 在馆 | |
| 8 | 0805014 | 208050142 | 密集书库-音乐系/ [索取号:J653.2/443] | 在馆 | |
| 9 | 0805015 | 208050151 | 密集书库-音乐系/ [索取号:J653.2/443] | 在馆 | |
| 10 | 0805016 | 208050160 | 密集书库-音乐系/ [索取号:J653.2/443] | 在馆 |